Návrh opatrení na tvorbu metodiky organizácie vzdelávacích podnikových programov (na príklade Ústavu priemyselného inžinierstva, manažmentu a kvality) : Bakalárska práca

Salvato in:
Dettagli Bibliografici
Autore principale: Ukropcová, Mária (Autore)
Altri autori: Ončáková, Eva (xxx)
Natura: Manoscritto Libro
Lingua:slovacco
Pubblicazione: Trnava : STU v Bratislave MTF UPMK KM, 2007
Soggetti:
Tags: Aggiungi Tag
Nessun Tag, puoi essere il primo ad aggiungerne!!

MARC

LEADER 00000ntm a22000003a 4500
001 stu148749
005 20160719155713.6
008 071108s2007----xo------------------slo-d
040 |a STU  |b slo 
041 0 |a slo 
044 |a xo 
100 1 |a Ukropcová, Mária  |4 aut 
245 1 |a Návrh opatrení na tvorbu metodiky organizácie vzdelávacích podnikových programov (na príklade Ústavu priemyselného inžinierstva, manažmentu a kvality) :  |b Bakalárska práca 
260 |a Trnava :  |b STU v Bratislave MTF UPMK KM,  |c 2007 
300 |a 39 s  |c 1 CD-ROM 
500 |a Odbor: priemyselné inžinierstvo a manažment 
650 7 |a vzdelávanie zamestnancov  |2 stusub 
700 1 |a Ončáková, Eva  |4 xxx 
996 |b 284M066634  |c M*BP-2881  |l MMSKP  |s P  |a 0  |w stu148749_0001